000 01433cam a2200265 i 4500
003 SA-RiAUC
005 20250114081031.0
008 241113s2004 ts g 000 0 ara c
020 _a994801104X
040 _aKW-ShULA
_bara
_cSA-RiAUC
_erda
082 0 4 _a253.1
090 _a253.1
_bش ي خ
100 1 _aالشيخ، عبد اللطيف أحمد
_eمؤلف.
245 1 2 _aالتوثيق لدى فقهاء المذهب المالكي بإفريقية والأندلس من الفتح الإسلامي إلى القرن الرابع عشر الهجري.
_cتأليف عبد اللطيف أحمد الشيخ ؛ مراجعة وتقديم قسم الدراسات والنشر، مركز جمعة الماجد للثقافة والتراث.
264 1 _aأبو ظبي :
_aدبي، الإمارات العربية المتحدة :
_bالمجمع الثقافي ؛
_bمركز جمعة الماجد للثقافة والتراث،
_c2004
300 _a893 صفحة ؛
_c24 سم
336 _aنص
_btxt
_2rdacontent
_3كتاب
337 _aبدون وسيط
_bn
_2rdamedia
338 _aمجلد
_bnc
_2rdacarrier
650 7 _aالعقود (فقه إسلامي)
_2aucsh
650 7 _aالفقه المالكي
_2aucsh
710 2 _aمركز جمعة الماجد للثقافة والتراث.
_bقسم الدراسات والنشر والمجلة
_eمراجع.
942 _2ddc
_cBOOK
_n0
949 _aSA-JeALM
_d241113
_umohamedma123
_n1
999 _c2522
_d2522